000
00303nam a22001337a 4500
008
181009b xxu||||| |||| 00| 0 eng d
020
_a
0306803844
041
_a
eng
080
_a
321
100
_a
19
101
_a
SHP
245
_a
The Evolution of Weapons and Warfare
_c
Dupuy, T.N
942
_2
udc
_c
BK
999
_c
49167
_d
49167